[Event "Michigan Action"]
[Site "Flint"]
[Date "2002.12.07"]
[Round "6"]
[White "Rokita, Ross"]
[Black "Whatling, David"]
[Result "0-1"]
[WhiteElo "962"]
[BlackElo "1341"]
[PlyCount "44"]
[EventDate "2002.12.07"]
[EventType "swiss (rapid)"]
[EventRounds "6"]
[EventCountry "USA"]
[SourceTitle "EXT 2009"]
[Source "ChessBase"]
[SourceDate "2008.11.26"]
[SourceVersion "1"]
[SourceVersionDate "2008.11.26"]
[SourceQuality "1"]

1. e4 c5 2. Bc4 e6 3. Nf3 d6 4. d3 Nf6 5. Nc3 Be7 6. e5 dxe5 7. Nxe5 0-0 8. 0-0 Nbd7 9. Nxd7 Bxd7 10. Bg5 Qc7 11. Bxf6 Bxf6 12. g3 Rad8 13. Qd2 Qc6 14. Bb5 Bxc3 15. Bxc6 Bxd2 16. Bxb7 Ba5 17. c3 Rb8 18. Be4 Rxb2 19. Rfe1 Bxc3 20. Rec1 Bd4 21. Bf3 Rxf2 22. Kh1 Bxa1 0-1

[Event "Genesee County CC-ch"]
[Site "Flint"]
[Date "2002.11.20"]
[Round "5"]
[White "Saylor, Oliver"]
[Black "Whatling, David"]
[Result "0-1"]
[WhiteElo "1391"]
[BlackElo "1341"]
[PlyCount "64"]
[EventDate "2002.10.23"]
[EventType "swiss"]
[EventRounds "5"]
[EventCountry "USA"]
[SourceTitle "EXT 2009"]
[Source "ChessBase"]
[SourceDate "2008.11.26"]
[SourceVersion "1"]
[SourceVersionDate "2008.11.26"]
[SourceQuality "1"]

1. e4 c5 2. Nf3 e6 3. d4 cxd4 4. Nxd4 Nc6 5. Nc3 Nf6 6. a3 Be7 7. Be2 0-0 8. Be3 d6 9. Qd2 d5 10. exd5 exd5 11. 0-0 Nxd4 12. Qxd4 Be6 13. Bf3 Qc7 14. Rac1 Rfd8 15. Bf4 Bd6 16. Nb5 Qc5 17. Qxc5 Bxc5 18. Nc7 Rac8 19. Nxe6 fxe6 20. Bg5 e5 21. Rcd1 e4 22. Bg4 Nxg4 23. Bxd8 Rxd8 24. h3 Ne5 25. Kh1 Kf7 26. c3 Ke6 27. Rd2 Rf8 28. Rfd1 Nd3 29. f3 Nf2+ 30. Rxf2 Bxf2 31. fxe4 dxe4 32. b4 e3 0-1

[Event "Genesee County CC-ch"]
[Site "Flint"]
[Date "2001.10.17"]
[Round "2"]
[White "Whatling, David"]
[Black "Poniatowski, Donald"]
[Result "0-1"]
[WhiteElo "807"]
[BlackElo "1235"]
[PlyCount "114"]
[EventDate "2001.10.10"]
[EventType "swiss"]
[EventRounds "5"]
[EventCountry "USA"]
[SourceTitle "EXT 2009"]
[Source "ChessBase"]
[SourceDate "2008.11.26"]
[SourceVersion "1"]
[SourceVersionDate "2008.11.26"]
[SourceQuality "1"]

1. e4 Nf6 2. Nc3 d5 3. Bd3 d4 4. Nce2 e5 5. Nf3 Nc6 6. b3 Bd6 7. c3 Bg4 8. Ng3 0-0 9. h3 Bd7 10. 0-0 Re8 11. Be2 h6 12. Nh2 a5 13. Ng4 Nxg4 14. Bxg4 dxc3 15. dxc3 Qe7 16. f4 Rad8 17. Bd2 Bc5+ 18. Kh2 Bxg4 19. Qxg4 Rxd2 20. Nf5 Qf6 21. fxe5 Qg5 22. Rf4 Qxg4 23. Rxg4 Nxe5 24. Rg3 Bd6 25. Kh1 Ng6 26. Nxd6 Rxd6 27. Re3 Ne5 28. Re2 Red8 29. Ree1 Rd2 30. c4 Rc2 31. Rec1 Rdd2 32. Rxc2 Rxc2 33. a3 Rb2 34. Rd1 Rxb3 35. Rd8+ Kh7 36. Rc8 Rxa3 37. Rxc7 Rc3 38. c5 a4 39. Rxb7 Rxc5 40. Ra7 Rc4 41. Kg1 Rxe4 42. Kf2 Kg6 43. g3 Rb4 44. g4 h5 45. gxh5+ Kxh5 46. Kg2 Nc4 47. Rxf7 a3 48. Rf1 Ne3+ 49. Kf2 Nxf1 50. Kxf1 a2 51. Ke2 a1Q 52. Ke3 Qd4+ 53. Ke2 Qc3 54. Kd1 Qd3+ 55. Ke1 Rb1+ 56. Kf2 Rb2+ 57. Kg1 Qb1# 0-1